000
00335nam a2200133Ia 4500
008
240624s9999 xx 000 0 und d
041
_a
eng
082
_a
346.07 GOE
100
_a
GOEL P K
245
_a
BUSINESS LAW FOR MANAGERS
260
_c
2006
_a
New Delhi
_b
Biztantra
300
_a
viii, : 316 : p. : cm. ; 27
365
_c
RS
_b
33.33
999
_c
14145
_d
14145